| 000 -LEADER |
| fixed length control field |
00372nam a22001097a 4500 |
| 082 ## - DEWEY DECIMAL CLASSIFICATION NUMBER |
| Classification number |
A6x5415 J781 |
| 245 ## - TITLE STATEMENT |
| Title |
Unfolding Central Himalaya: the cradle of culture |
| Statement of responsibility, etc |
edited by B.K. Joshi and Maheshwar P. Joshi |
| 260 ## - PUBLICATION, DISTRIBUTION, ETC. (IMPRINT) |
| Place of publication, distribution, etc |
Almora |
| Name of publisher, distributor, etc |
Almora Book |
| Date of publication, distribution, etc |
2017 |
| 300 ## - PHYSICAL DESCRIPTION |
| Extent |
364p. |
| 650 ## - SUBJECT ADDED ENTRY--TOPICAL TERM |
| Topical term or geographic name as entry element |
Central Himalaya |
| 9 (RLIN) |
54599 |
| 650 ## - SUBJECT ADDED ENTRY--TOPICAL TERM |
| Topical term or geographic name as entry element |
Economic development - Central Himalaya - India |
| 9 (RLIN) |
54600 |